|
|
|
|
| LEADER |
00000naa2a2200000 4500 |
| 001 |
635961 |
| 005 |
20250805112515.0 |
| 035 |
|
|
|a (RuTPU)RU\TPU\conf\37818
|
| 035 |
|
|
|a RU\TPU\conf\37802
|
| 090 |
|
|
|a 635961
|
| 100 |
|
|
|a 20230623d2023 k y0rusy50 ca
|
| 101 |
0 |
|
|a rus
|
| 102 |
|
|
|a RU
|
| 135 |
|
|
|a drcn ---uucaa
|
| 181 |
|
0 |
|a i
|
| 182 |
|
0 |
|a b
|
| 200 |
1 |
|
|a Исследование морфологии углеродных наноструктур полученных методом плазменной переработки асфальтеносодержащих отходов
|f П. В. Поваляев, Е. В. Францина, В. В. Аркаченкова
|g науч. рук. А. Я. Пак
|
| 203 |
|
|
|a Текст
|c электронный
|
| 225 |
1 |
|
|a Технология и моделирование процессов подготовки и переработки углеводородного сырья
|
| 300 |
|
|
|a Заглавие с титульного экрана
|
| 320 |
|
|
|a [Библиогр.: с. 103 (3 назв.)]
|
| 338 |
|
|
|b Российский научный фонд
|d 22-13-20016
|
| 461 |
|
1 |
|0 (RuTPU)RU\TPU\conf\37590
|t Химия и химическая технология в XXI веке
|o материалы XXIV Международной научно-практической конференции студентов и молодых ученых имени выдающихся химиков Л. П. Кулёва и Н. М. Кижнера, посвященной 85-летию со дня рождения профессора А. В. Кравцова, Томск, 15-19 мая 2023 г.
|o в 2 т.
|f Национальный исследовательский Томский политехнический университет (ТПУ) ; Инженерная школа природных ресурсов ; Инженерная школа новых производственных технологий ; Исследовательская школа химических и биомедицинских технологий ; Инженерная школа ядерных технологий
|d 2023
|
| 463 |
|
1 |
|0 (RuTPU)RU\TPU\conf\37592
|t Т. 2
|v [С. 102-103]
|d 2023
|
| 610 |
1 |
|
|a труды учёных ТПУ
|
| 610 |
1 |
|
|a электронный ресурс
|
| 610 |
1 |
|
|a морфология
|
| 610 |
1 |
|
|a углеродные наноструктуры
|
| 610 |
1 |
|
|a плазменная переработка
|
| 610 |
1 |
|
|a асфальтеносодержащие отходы
|
| 610 |
1 |
|
|a примеси
|
| 610 |
1 |
|
|a синтез
|
| 700 |
|
1 |
|a Поваляев
|b П. В.
|c специалист в области автоматического управления
|c старший лаборант, младший научный сотрудник Томского политехнического университета
|f 1997-
|g Павел Вадимович
|3 (RuTPU)RU\TPU\pers\47025
|9 22619
|
| 701 |
|
1 |
|a Францина
|b Е. В.
|c химик-технолог
|c доцент Томского политехнического университета, кандидат технических наук
|f 1985-
|g Евгения Владимировна
|3 (RuTPU)RU\TPU\pers\25034
|9 11167
|
| 701 |
|
1 |
|a Аркаченкова
|b В. В.
|
| 702 |
|
1 |
|a Пак
|b А. Я.
|c специалист в области электротехники
|c научный сотрудник Томского политехнического университета, кандидат технических наук
|f 1986-
|g Александр Яковлевич
|4 727
|
| 712 |
0 |
2 |
|a Национальный исследовательский Томский политехнический университет
|b Инженерная школа энергетики
|b Организационный отдел
|3 (RuTPU)RU\TPU\col\23585
|
| 712 |
0 |
2 |
|a Национальный исследовательский Томский политехнический университет
|b Инженерная школа энергетики
|b Отделение электроэнергетики и электротехники
|3 (RuTPU)RU\TPU\col\23505
|
| 801 |
|
2 |
|a RU
|b 63413507
|c 20230801
|g RCR
|
| 850 |
|
|
|a 63413507
|
| 856 |
4 |
|
|u http://earchive.tpu.ru/handle/11683/76864
|z http://earchive.tpu.ru/handle/11683/76864
|
| 942 |
|
|
|c CF
|